000 00822nam a2200241 i 4500
001 bgj
100 1 _aOBEE, Bob
245 1 0 _aPractice Tests for the Revised CPE 1 :
_bstudent's book /
_cBob Obee.
260 _aNewbury :
_bExpress Publishing,
_c2001.
300 _a168 pp ;
_c28 cm.
650 9 _aEnglish language
_xCPE
_xExaminations, questions, etc.
650 9 _aEnglish language
_xCPE examinations
_xCPE practice tests
650 9 _aEnglish language
_xCPE practice tests
650 9 _aEnglish language
_xProficiency tests
650 9 _aEnglish language
_xTextbooks for foreigner speakers
650 9 _aEnglish language
_xStudy and teaching
_xForeigner speakers
020 _a1843251221
040 _cBPK
041 0 _aeng
920 _a1-84325-122-1
942 _cKS
008 s uk f |000 0 eng
999 _c48424
_d48424